000 02504nam a2200253 i 4500
003 DO-SdBNP
005 20230720143054.0
006 a||||gr|||| 00| 0
007 ta
008 230720e1944 dr a|||| |||| 00| 0 spa d
040 _aDO-SdBNP
_bspa
_cBNPHU
_erda
082 4 _222
_a368.7097293
_bP645s
100 1 _aPina, Tulio H.
_937097
_eautor
245 1 0 _aSeguros sobre accidentes del trabajo :
_bestudio metodológico - comentarios críticos - brees estudio comparativo de las legislaciones de la República de Cuba, Puerto Rico y República Dominicana- tarifa de primas - salario mínimo - jornada comercial - catálogo de mecanismos - estadística. /
_cTulio H. Pina.
264 1 _aCiudad Trujillo, República Dominicana :
_bMontalvo,
_c1944
300 _a271 páginas :
_bIlustraciones, gráficas ;
_c23 cm.
336 _2rdacontent
_atexto
_btxt
337 _2rdamedia
_asin medición
_bn
338 _2rdacarrier
_avolumen
_bnc
505 _aDedicatoria.-- Liminar.
_gPrimera parte.
_tBreves datos históricos y de legislación.--
_gTítulo Primero.
_tDel patrono. Del obrero, trabajador o empleado. Del Salario o sueldo.--
_gTítulo Segundo.
_tLa Póliza. - La Prima.--
_gTítulo Tercero.
_tDel accidente. Derecho del lesionado. Peritaje médico. La muerte del lesionado.--
_gTítulo cuarto.
_tDe las Compensaciones. - De las Indemnizaciones.--
_gTítulo Quinto.
_tIntervención judicial.-- Recursos.--
_gTítulo Sexto.
_tSeguro por asociaciones.--
_gTítulo Final.
_tCasos conflictivos y comentarios críticos relacionados en parte con legislaciones de Cuba y Puerto Rico.
505 _aSegunda Parte
_tTarifa de primas.-- Tarifa a corto plazo.-- Otras tarifas de interés.-- Catálogo de mecanismos para empresas.--
_gTercera Parte.
_tBreve estudio comparativo de las legislaciones sobre accidentes del trabajo de la República de Cuba, Puerto Rrico y la República Dominicana.--
_gCuarta Parte
_tEsta parte comprende diversas leyes sobre jornada comercial de trabajo, sobre salario mínimos y descanso dominical que interesa conocer.-
_gParte Final.
_tLa parte final de esta obra está destinada a ilustrar al lector sobre los diez primeros años de servicio social rendido por la Compañía Nacional de Seguros "San Rafael", C. por A., hasta la fecha la única autorizada legalmente para el seguro sobre Accidentes del Trabajo. Y como complemento una relación de las sociedades obreros establecidas en Ciudad Trujillo, Capital de la República Dominicana.
590 _aInventariado 2023 / MF
942 _2ddc
_cLBS1
999 _c54222
_d54222